[Event "Eliteserien 2018 19"]
[Site "Oslo og TromsÃ¸"]
[Date "2018.11.02"]
[Round "6"]
[White "Lund, Gunnar"]
[Black "Djurhuus, Rune"]
[Result "0-1"]
[WhiteElo "2228"]
[BlackElo "2457"]
[PlyCount "192"]
[EventDate "2018.??.??"]

1. e4 Nc6 2. d4 d5 3. exd5 Qxd5 4. Be3 e5 5. Nf3 Bg4 6. Be2 exd4 7. Nc3 Bb4 8.
O-O Qh5 9. Nxd4 Bd6 10. f4 Bxe2 11. Qxe2 Qxe2 12. Ncxe2 Nge7 13. Nb5 O-O-O 14.
Rad1 Nf5 15. Nxd6+ Nxd6 16. Nd4 Nb4 17. c3 Nd5 18. Bc1 Rhe8 19. Rfe1 Rxe1+ 20.
Rxe1 c5 21. Nf3 f6 22. Rd1 Nf5 23. Kf2 h5 24. g3 Kc7 25. h3 Nxc3 26. Rxd8 Ne4+
27. Kg2 Kxd8 28. g4 hxg4 29. hxg4 Ne7 30. Nh4 Kd7 31. Kf3 Nd6 32. b3 b5 33. Ng2
Nd5 34. f5 Nf7 35. Bf4 Nxf4 36. Nxf4 Ne5+ 37. Ke4 Nxg4 38. Nh5 Kd6 39. Nxg7
Nf2+ 40. Ke3 Nh3 41. Ke4 Ng5+ 42. Kf4 Nf7 43. Ke4 Kc6 44. Nh5 Nd6+ 45. Kf4 Ne8
46. Ke4 Kd6 47. Nf4 Nc7 48. a3 a6 49. a4 Kc6 50. axb5+ axb5 51. Nh5 Ne8 52. Ke3
Kd5 53. Nf4+ Ke5 54. Nd3+ Kxf5 55. Nxc5 Ke5 56. Nd3+ Kd6 57. Ke4 Ng7 58. Kd4
Ne6+ 59. Kc3 f5 60. Kb4 Nd4 61. Nf4 Ke5 62. Ng6+ Kd5 63. Ne7+ Ke4 64. Ng8 f4
65. Nf6+ Kf5 66. Nd5 f3 67. Kc5 Ke4 68. Nf6+ Kd3 69. Ng4 Nxb3+ 70. Kxb5 Ke2 71.
Kc4 Nc1 72. Kd5 Nd3 73. Ke6 Nb4 74. Ke5 Nd3+ 75. Kf5 Nc5 76. Ke5 Nd7+ 77. Kf5
Nb6 78. Ke5 Nc8 79. Ke6 Na7 80. Ke5 Nb5 81. Kf4 Nd6 82. Kg5 Ne4+ 83. Kf5 Nd2
84. Kf4 Nc4 85. Ke4 Nd6+ 86. Kf4 Nf7 87. Kg3 Nh6 88. Nh2 f2 89. Kf4 Nf7 90. Kf5
Nd6+ 91. Kf4 Nc4 92. Kg3 Ne5 93. Kg2 Nf3 94. Nf1 Ne1+ 95. Kh2 Kxf1 96. Kh1 Ke2
0-1

[Event "Eliteserien 2018 19"]
[Site "Oslo og TromsÃ¸"]
[Date "2018.11.02"]
[Round "6"]
[White "Stojanovic, Mihajlo"]
[Black "Urkedal, Frode Olav Olsen"]
[Result "1/2-1/2"]
[WhiteElo "2508"]
[BlackElo "2512"]
[PlyCount "21"]
[EventDate "2018.??.??"]

1. Nf3 Nf6 2. c4 e6 3. Nc3 d5 4. d4 Be7 5. Bg5 h6 6. Bxf6 Bxf6 7. e3 O-O 8. Rc1
c6 9. Bd3 Nd7 10. O-O dxc4 11. Bxc4 1/2-1/2

[Event "Eliteserien 2018 19"]
[Site "Oslo og TromsÃ¸"]
[Date "2018.11.02"]
[Round "6"]
[White "Hansen, TorbjÃ¸rn Ringdal"]
[Black "Risting, Eivind Olav"]
[Result "1-0"]
[WhiteElo "2419"]
[BlackElo "2281"]
[PlyCount "79"]
[EventDate "2018.??.??"]

1. e4 c5 2. Nf3 d6 3. Bb5+ Nd7 4. Ba4 Ngf6 5. O-O a6 6. c4 g6 7. Nc3 Bg7 8. d3
O-O 9. h3 Ne5 10. Nxe5 dxe5 11. a3 Nh5 12. Be3 Nf4 13. Bxc5 Bxh3 14. Nd5 Bxg2
15. Nxf4 Bxf1 16. Nd5 Bh3 17. Qf3 b5 18. cxb5 Be6 19. Nxe7+ Kh8 20. b6 Bd7 21.
Bb3 Rb8 22. Nd5 Be6 23. Bxf8 Qxf8 24. Rc1 Bxd5 25. Bxd5 Rxb6 26. b4 Qd8 27. Qg4
Rb8 28. Bxf7 Bh6 29. Rc3 Bd2 30. Rc6 Qxd3 31. Bd5 Rf8 32. Rxg6 hxg6 33. Qh4+
Kg7 34. Qe7+ Kh6 35. Qxf8+ Kh5 36. Qh8+ Kg4 37. Be6+ Kf3 38. Qh1+ Ke2 39. Bg4+
Ke1 40. Kg2+ 1-0

[Event "Eliteserien 2018 19"]
[Site "Oslo og TromsÃ¸"]
[Date "2018.11.02"]
[Round "7"]
[White "Machlik, Endre"]
[Black "Andersen, Alf Roger"]
[Result "1-0"]
[WhiteElo "2186"]
[BlackElo "2251"]
[PlyCount "99"]
[EventDate "2018.??.??"]

1. d4 e6 2. c4 d5 3. Nc3 f5 4. Nf3 Nf6 5. Bf4 c6 6. e3 Bd6 7. Bxd6 Qxd6 8. Bd3
O-O 9. O-O Ne4 10. Qb3 Qe7 11. Bxe4 fxe4 12. Ne5 Nd7 13. f4 exf3 14. Nxf3 Nb6
15. Ne5 dxc4 16. Nxc4 Nxc4 17. Qxc4 Bd7 18. Ne4 b6 19. a4 a5 20. Qb3 Qb4 21.
Qxb4 axb4 22. Rfc1 Ra6 23. Rc4 b3 24. Rb4 e5 25. Rxb3 exd4 26. exd4 Bf5 27. Nd6
Be6 28. Rb4 Rd8 29. Ne4 Rda8 30. Re1 Bf5 31. Nd6 Bd3 32. Rb3 Bg6 33. a5 bxa5
34. Re7 Rf8 35. Rbb7 Kh8 36. Rxg7 a4 37. h4 Ra5 38. Nc4 Rd5 39. Ne5 Be4 40. Rg4
Bf5 41. Rf4 c5 42. g4 cxd4 43. Nf7+ Rxf7 44. Rxf7 Bg6 45. Ra7 Kg8 46. Rxa4 d3
47. Rad4 Rb5 48. h5 Be8 49. b4 Rg5 50. Rd8 1-0

[Event "Eliteserien 2018 19"]
[Site "Oslo og TromsÃ¸"]
[Date "2018.11.02"]
[Round "7"]
[White "Gudbrandsen, Gustav"]
[Black "Machlik, Monika"]
[Result "1-0"]
[WhiteElo "2241"]
[BlackElo "2071"]
[PlyCount "143"]
[EventDate "2018.??.??"]

1. e4 c6 2. d4 d5 3. exd5 cxd5 4. Bd3 Nc6 5. c3 Nf6 6. Nf3 Bg4 7. h3 Bh5 8. Bf4
e6 9. Qb3 Qc8 10. Nbd2 Be7 11. O-O O-O 12. Rfe1 Bg6 13. Bxg6 hxg6 14. a4 Bd8
15. Bd6 Re8 16. Rac1 Bc7 17. Bxc7 Qxc7 18. g3 Rac8 19. Qc2 Na5 20. Ne5 Nc6 21.
Qd3 Nxe5 22. Rxe5 Nd7 23. Ree1 Nb6 24. b3 Nd7 25. c4 dxc4 26. Rxc4 Qb8 27. Rec1
Nb6 28. Rxc8 Rxc8 29. Rc5 Nd7 30. Rxc8+ Qxc8 31. Nc4 Nf6 32. Qf3 Qd7 33. Qf4
Qc8 34. g4 Nd5 35. Qxf7+ Kxf7 36. Nd6+ Kf6 37. Nxc8 Nf4 38. Nxa7 Ne2+ 39. Kg2
Nxd4 40. b4 Ke5 41. Nc8 Kd5 42. Nb6+ Kc6 43. Nc4 Kd5 44. Ne3+ Ke4 45. Nc4 Kd5
46. Nb2 Nc2 47. Nd3 Kc4 48. Nc5 b6 49. Nd7 Kxb4 50. Nxb6 Nd4 51. Nd7 Kxa4 52.
Ne5 Kb5 53. Nxg6 Kc5 54. Kg3 Kd5 55. Nf4+ Ke4 56. f3+ Ke5 57. Nh5 g6 58. Nf4 g5
59. Nd3+ Kf6 60. Kf2 Nc2 61. Ke2 Na3 62. Nc5 Ke5 63. Nd3+ Kd4 64. Nf2 Ke5 65.
Ne4 Kf4 66. Kf2 Nc2 67. Nc5 Ke5 68. Kg3 Ne3 69. Ne4 Nf1+ 70. Kf2 Kf4 71. Kxf1
e5 72. Kg2 1-0

[Event "Eliteserien 2018 19"]
[Site "Oslo og TromsÃ¸"]
[Date "2018.11.02"]
[Round "7"]
[White "Galchenko, Matvey"]
[Black "Urkedal, Frode Olav Olsen"]
[Result "0-1"]
[WhiteElo "2361"]
[BlackElo "2512"]
[PlyCount "118"]
[EventDate "2018.??.??"]

1. c4 e5 2. g3 Nf6 3. Bg2 Nc6 4. Nc3 Bb4 5. Nd5 O-O 6. Nxb4 Nxb4 7. a3 Nc6 8.
d3 d5 9. cxd5 Nxd5 10. Nf3 a5 11. O-O Bg4 12. Qb3 Nb6 13. Bg5 Qd7 14. Be3 a4
15. Qc2 Nd5 16. Bc5 Rfe8 17. Rfe1 b6 18. Be3 Na5 19. Nd2 Be6 20. Rac1 Rac8 21.
Nc4 Nb3 22. Rcd1 f6 23. Bd2 Nd4 24. Qb1 Bg4 25. f3 Be6 26. Ne3 Nxe3 27. Bxe3 c5
28. Bf2 Bd5 29. Qc1 Re7 30. Qd2 Rce8 31. e4 Bf7 32. Bxd4 Qxd4+ 33. Qf2 Qd6 34.
f4 Rd8 35. Bf1 Qc7 36. Rc1 Rd4 37. Rc3 Qd6 38. Qe3 Re8 39. Rc2 h6 40. Rf2 b5
41. Rc2 Bb3 42. Rf2 b4 43. Ra1 exf4 44. Qxf4 Re5 45. Qf3 Qd7 46. Rc1 Kh7 47.
Be2 Be6 48. Bf1 Qd6 49. h4 f5 50. Rfc2 Bd7 51. Rc4 Rxc4 52. Rxc4 Bb5 53. Rc1
fxe4 54. dxe4 Bxf1 55. Rxf1 Qd4+ 56. Rf2 Qxe4 57. axb4 cxb4 58. Qxe4+ Rxe4 59.
Rf8 Re1+ 0-1

[Event "Eliteserien 2018 19"]
[Site "Oslo og TromsÃ¸"]
[Date "2018.11.02"]
[Round "7"]
[White "Hagen, Anders Gjerdrum"]
[Black "Klukin, Kirill"]
[Result "1-0"]
[WhiteElo "2205"]
[BlackElo "2326"]
[PlyCount "125"]
[EventDate "2018.??.??"]

1. d4 Nf6 2. c4 e6 3. Nc3 Bb4 4. e3 Nc6 5. Nf3 O-O 6. Bd2 d6 7. a3 Bxc3 8. Bxc3
Ne4 9. Qc2 Nxc3 10. Qxc3 a5 11. Be2 Qe7 12. Rc1 a4 13. O-O e5 14. d5 Nb8 15. c5
Nd7 16. cxd6 cxd6 17. Qc7 Re8 18. Nd2 Nf6 19. Qxe7 Rxe7 20. Nc4 Nxd5 21. Rfd1
Be6 22. Rxd5 Rc8 23. Rxd6 b5 24. Rb6 bxc4 25. Rb4 Ra7 26. Rc3 Kf8 27. Kf1 Ke7
28. Ke1 Kd6 29. Kd2 Rac7 30. Rxa4 Rb8 31. Rb4 Rcb7 32. Rxb7 Rxb7 33. Bxc4 Rxb2+
34. Ke1 Bxc4 35. Rxc4 f5 36. Ra4 e4 37. Ra7 g5 38. Rxh7 Rb1+ 39. Kd2 Rb2+ 40.
Kc3 Rxf2 41. g4 f4 42. Kd4 Re2 43. Rh6+ Ke7 44. Rh3 fxe3 45. Kxe4 Kf6 46. Rf3+
Kg6 47. h3 Rd2 48. Rxe3 Kf6 49. Rd3 Re2+ 50. Kd5 Rc2 51. Rf3+ Kg6 52. Kd4 Rc1
53. Rc3 Rb1 54. Kc4 Rb8 55. a4 Rc8+ 56. Kb4 Rb8+ 57. Ka3 Ra8 58. Rc6+ Kg7 59.
Rc5 Kf6 60. Rf5+ Kg6 61. a5 Rh8 62. Rf3 Ra8 63. Ka4 1-0

[Event "Eliteserien 2018 19"]
[Site "Oslo og TromsÃ¸"]
[Date "2018.11.02"]
[Round "7"]
[White "LindbÃ¸l, Aleksander"]
[Black "Mikalsen, Harald"]
[Result "0-1"]
[WhiteElo "2204"]
[BlackElo "2006"]
[PlyCount "78"]
[EventDate "2018.??.??"]

1. e4 e5 2. Nc3 Nf6 3. g3 d5 4. exd5 Nxd5 5. Bg2 Be6 6. Nf3 Nc6 7. Qe2 Nxc3 8.
bxc3 Bd6 9. O-O O-O 10. d3 Bd5 11. Bb2 Re8 12. c4 Nd4 13. Nxd4 Bxg2 14. Kxg2
exd4 15. Qf3 c5 16. Rae1 Qb6 17. Rb1 Qc7 18. c3 dxc3 19. Bxc3 b6 20. Rfe1 Rad8
21. Re3 Rxe3 22. Qxe3 Qc6+ 23. Qf3 Qxf3+ 24. Kxf3 Bxg3 25. Ke3 Bxh2 26. f4 f6
27. Rh1 Bg3 28. Rg1 Bh4 29. Rg4 Re8+ 30. Kf3 g5 31. Rg1 Kf7 32. Kg4 Re3 33. Rf1
Kg6 34. f5+ Kf7 35. Rd1 Rg3+ 36. Kh5 Rf3 37. a4 Rxf5 38. a5 Rf4 39. axb6 Bg3
0-1

[Event "Eliteserien 2018 19"]
[Site "Oslo og TromsÃ¸"]
[Date "2018.11.02"]
[Round "7"]
[White "Hammerstad, Ã.smund"]
[Black "Gullaksen, Eirik"]
[Result "1/2-1/2"]
[WhiteElo "2205"]
[BlackElo "2341"]
[PlyCount "118"]
[EventDate "2018.??.??"]

1. d4 Nf6 2. c4 g6 3. Nc3 Bg7 4. e4 O-O 5. Nf3 d6 6. Be2 Na6 7. O-O e5 8. Be3
Ng4 9. Bg5 Qe8 10. dxe5 dxe5 11. Qb3 f6 12. Bd2 Rf7 13. h3 Nh6 14. Nb5 Be6 15.
Be3 Bf8 16. Rfd1 Qb8 17. Qc2 c6 18. Na3 Re7 19. c5 Nc7 20. Nc4 Nf7 21. Rd2 Ne8
22. Rad1 Qc7 23. Qa4 a6 24. Nb6 Rd8 25. Bc4 Ng7 26. Qb3 Rxd2 27. Rxd2 Bxc4 28.
Qxc4 Ne6 29. b4 h5 30. Qc2 Kh7 31. Nh4 Bh6 32. Nd5 cxd5 33. exd5 Nf8 34. d6
Nxd6 35. Rxd6 Rf7 36. Bxh6 Kxh6 37. Qe4 Kg7 38. g3 Re7 39. Rb6 Rd7 40. g4 hxg4
41. hxg4 Re7 42. Kg2 Rd7 43. a3 Re7 44. Kg3 Qd7 45. f3 Qc7 46. Kh3 Qd7 47. a4
a5 48. bxa5 Qc7 49. c6 bxc6 50. Qxc6 Qxc6 51. Rxc6 Ra7 52. a6 Nd7 53. g5 fxg5
54. Nxg6 Nb8 55. Rb6 Nxa6 56. Nxe5 Nc5 57. Rg6+ Kh7 58. Rxg5 Rxa4 59. Ng4 Ne6
1/2-1/2

[Event "Eliteserien 2018 19"]
[Site "Oslo og TromsÃ¸"]
[Date "2018.11.02"]
[Round "7"]
[White "Frisvold, Ole Emil"]
[Black "Diesen, Bruce"]
[Result "1-0"]
[WhiteElo "2131"]
[BlackElo "2144"]
[PlyCount "87"]
[EventDate "2018.??.??"]

1. d4 Nf6 2. c4 e6 3. Nf3 b6 4. g3 Bb7 5. Bg2 Be7 6. O-O O-O 7. d5 exd5 8. Nh4
c6 9. cxd5 Nxd5 10. Nf5 Na6 11. e4 Ndc7 12. Qg4 Ne6 13. Rd1 Nac7 14. Nc3 d5 15.
exd5 cxd5 16. Nxd5 Bxd5 17. Bxd5 Nxd5 18. Rxd5 Qe8 19. Nxg7 f5 20. Nxf5+ Kh8
21. Nxe7 Qxe7 22. Bd2 Rac8 23. Bc3+ Rxc3 24. bxc3 Nc5 25. Qd4+ Kg8 26. Re5 Qf6
27. f4 h6 28. Rae1 Qg6 29. f5 Qg5 30. Qd6 Rf7 31. Re8+ Kh7 32. R8e7 Kg8 33.
Rxf7 Kxf7 34. Qg6+ Qxg6 35. fxg6+ Kxg6 36. Re7 a5 37. Rc7 Kg5 38. Kf2 h5 39.
Ke3 Kg4 40. Rh7 Ne6 41. Rh6 Nc7 42. Kf2 b5 43. h3+ Kxh3 44. Kf3 1-0

[Event "Eliteserien 2018 19"]
[Site "Oslo og TromsÃ¸"]
[Date "2018.11.02"]
[Round "7"]
[White "Ã~stenstad, Berge"]
[Black "Haldorsen, Benjamin"]
[Result "1/2-1/2"]
[WhiteElo "2440"]
[BlackElo "2454"]
[PlyCount "59"]
[EventDate "2018.??.??"]

1. c4 g6 2. d4 Bg7 3. e4 Nc6 4. Nf3 d6 5. d5 Ne5 6. Nxe5 Bxe5 7. Bd3 c6 8. O-O
Nf6 9. Nd2 O-O 10. Rb1 a5 11. h3 Nd7 12. Nf3 Bf6 13. Bf4 Nc5 14. Bc2 cxd5 15.
cxd5 a4 16. b4 axb3 17. axb3 Bc3 18. Bd2 Bg7 19. b4 Na6 20. Bd3 Bd7 21. Be3 Rc8
22. Nd4 Qc7 23. Rc1 Qb8 24. Qd2 Rxc1 25. Rxc1 Rc8 26. Bxa6 Rxc1+ 27. Qxc1 Bxd4
28. Bxd4 bxa6 29. Qc4 Qc8 30. Qxc8+ 1/2-1/2

[Event "Eliteserien 2018 19"]
[Site "Oslo og TromsÃ¸"]
[Date "2018.11.02"]
[Round "7"]
[White "Sahl, Bjarke"]
[Black "Bern, Ivar"]
[Result "1-0"]
[WhiteElo "2322"]
[BlackElo "2302"]
[PlyCount "49"]
[EventDate "2018.??.??"]

1. d4 f5 2. c4 Nf6 3. Nc3 e6 4. Nf3 Bb4 5. Bd2 b6 6. e3 O-O 7. Qc2 Bb7 8. Bd3
Bxc3 9. Bxc3 Ne4 10. O-O-O Nxc3 11. Qxc3 Bxf3 12. gxf3 Qf6 13. f4 c5 14. Be2
Nc6 15. dxc5 Qxc3+ 16. bxc3 Rfd8 17. Rd6 Kf7 18. Rhd1 Ke7 19. Bf3 Rac8 20. Bxc6
Rxc6 21. Rxc6 dxc6 22. Rxd8 Kxd8 23. cxb6 axb6 24. c5 bxc5 25. Kb2 1-0

[Event "Eliteserien 2018 19"]
[Site "Oslo og TromsÃ¸"]
[Date "2018.11.02"]
[Round "7"]
[White "Galinsky, Timofey"]
[Black "Nordquelle, Daniel"]
[Result "1-0"]
[WhiteElo "2369"]
[BlackElo "2235"]
[PlyCount "117"]
[EventDate "2018.??.??"]

1. g3 d5 2. Bg2 Nf6 3. Nf3 Bf5 4. d3 h6 5. O-O e6 6. c4 Bd6 7. Nc3 c5 8. Nh4
Bg4 9. cxd5 g5 10. Qa4+ Kf8 11. dxe6 Nc6 12. Nf3 Bxe6 13. Bd2 a6 14. Ne4 b5 15.
Qc2 Nxe4 16. dxe4 Rc8 17. Rfd1 Qe7 18. Be3 Kg7 19. a3 f6 20. h4 Rhd8 21. hxg5
hxg5 22. Qc3 Kg6 23. Rac1 Bc4 24. Qc2 Kg7 25. b3 Be6 26. Qb2 Kg6 27. Qb1 Kg7
28. Bd2 g4 29. Nh4 Nd4 30. e5 Bxe5 31. Bh6+ Kg8 32. Rxd4 cxd4 33. Rxc8 Rxc8 34.
Qg6+ Kh8 35. Nf5 Bxf5 36. Qxf5 Rc7 37. Qxg4 Qh7 38. Bd5 f5 39. Qh4 Rd7 40. f4
Rxd5 41. fxe5 Qg6 42. Bg5+ Kg8 43. Bf6 Kf7 44. Kf2 a5 45. Qh1 Ke6 46. Qh8 Qf7
47. Qc8+ Qd7 48. Qg8+ Qf7 49. Qa8 Qd7 50. g4 Kf7 51. Qh8 fxg4 52. Qg7+ Ke6 53.
Qg8+ Kf5 54. Kg3 Ke4 55. e6 Qd6+ 56. Kg2 Re5 57. Qh7+ Ke3 58. Bg5+ Rxg5 59.
Qd3+ 1-0

[Event "Eliteserien 2018 19"]
[Site "Oslo og TromsÃ¸"]
[Date "2018.11.02"]
[Round "7"]
[White "Christenson, Flemming"]
[Black "Elseth, Roar"]
[Result "1/2-1/2"]
[WhiteElo "2204"]
[BlackElo "2278"]
[PlyCount "66"]
[EventDate "2018.??.??"]

1. d4 d5 2. Bf4 c5 3. e3 Nc6 4. Nc3 cxd4 5. exd4 Bf5 6. Nf3 e6 7. Bd3 Bxd3 8.
Qxd3 Rc8 9. O-O Bd6 10. Bxd6 Qxd6 11. a3 Nge7 12. Rae1 a6 13. Nd1 Ng6 14. c3
O-O 15. Ng5 Nce7 16. g3 h6 17. Nf3 Qb6 18. h4 Nc6 19. h5 Nge7 20. Nh4 Na5 21.
f4 Nc4 22. Re2 Nd6 23. Nf2 Nef5 24. Nxf5 exf5 25. Qf3 Ne4 26. Nd3 Qb5 27. Rg2
Qd7 28. Ne5 Qe6 29. Kh1 Kh7 30. Rfg1 Nf6 31. Re2 Ne4 32. Reg2 Nf6 33. Re2 Ne4
1/2-1/2

[Event "Eliteserien 2018 19"]
[Site "Oslo og TromsÃ¸"]
[Date "2018.11.02"]
[Round "7"]
[White "Stojanovic, Mihajlo"]
[Black "Predojevic, Borki"]
[Result "1/2-1/2"]
[WhiteElo "2508"]
[BlackElo "2616"]
[PlyCount "21"]
[EventDate "2018.??.??"]

1. Nf3 d5 2. d4 Nf6 3. c4 e6 4. Nc3 Bb4 5. Qb3 c5 6. dxc5 Nc6 7. Bg5 Qa5 8.
Bxf6 dxc4 9. Qxc4 gxf6 10. Rc1 Qxc5 11. Qh4 1/2-1/2

[Event "Eliteserien 2018 19"]
[Site "Oslo og TromsÃ¸"]
[Date "2018.11.02"]
[Round "7"]
[White "Lundeby, Ã~yvind Andersen"]
[Black "Christiansen, Johan-Sebastian"]
[Result "0-1"]
[WhiteElo "2152"]
[BlackElo "2559"]
[PlyCount "98"]
[EventDate "2018.??.??"]

1. Nf3 c5 2. g3 g6 3. Bg2 Bg7 4. O-O Nc6 5. c4 d6 6. Nc3 Bf5 7. Nh4 Bd7 8. d3
Qc8 9. Re1 Rb8 10. Bd2 a6 11. Rc1 b5 12. b3 b4 13. Nd5 e6 14. Ne3 Nge7 15. Nc2
O-O 16. Be3 e5 17. Bg5 f6 18. Bd2 g5 19. Nf3 Ng6 20. Kh1 g4 21. Ng1 f5 22. Ne3
h5 23. Nd5 h4 24. e3 h3 25. Bf1 Nce7 26. f3 Nxd5 27. cxd5 f4 28. e4 Rf6 29. Be2
gxf3 30. Bxf3 Bh6 31. Rf1 fxg3 32. hxg3 Qf8 33. Qe2 h2 34. Kxh2 Bxd2 35. Qxd2
Nf4 36. gxf4 Rh6+ 37. Kg2 Qg7+ 38. Kf2 Rh2+ 39. Ke1 Qg3+ 40. Kd1 Rxd2+ 41. Kxd2
Qxf4+ 42. Kc2 Rf8 43. Ne2 Qe3 44. Rg1+ Kf7 45. Rcf1 Ke7 46. Rg7+ Kd8 47. Ng1
Bb5 48. Be2 Rxf1 49. Bxf1 Qe1 0-1

[Event "Eliteserien 2018 19"]
[Site "Oslo og TromsÃ¸"]
[Date "2018.11.02"]
[Round "7"]
[White "Lie, Kjetil A."]
[Black "Soderstrom, Adrian"]
[Result "1-0"]
[WhiteElo "2539"]
[BlackElo "2118"]
[PlyCount "61"]
[EventDate "2018.??.??"]

1. b3 g6 2. Bb2 Nf6 3. g3 Bg7 4. Bg2 O-O 5. Nf3 d6 6. d4 b6 7. c4 Bb7 8. Nc3 c5
9. d5 b5 10. Nxb5 Bxd5 11. Bxf6 Bxf6 12. Qxd5 Bxa1 13. O-O Nd7 14. Rxa1 a6 15.
Nc3 Nb6 16. Qd2 Kg7 17. Rd1 Ra7 18. h4 h5 19. Ng5 Qd7 20. Bh3 Qc6 21. Be6 Qe8
22. Nce4 fxe6 23. Nxe6+ Kh7 24. Qc3 Rf7 25. N4g5+ Kg8 26. Nxf7 Qxf7 27. Nxc5
Qf5 28. Nd3 Ra8 29. Nf4 Rf8 30. Qe3 e5 31. Nxg6 1-0

[Event "Eliteserien 2018 19"]
[Site "Oslo og TromsÃ¸"]
[Date "2018.11.02"]
[Round "7"]
[White "Romanov, Evgeny"]
[Black "Risting, Eivind Olav"]
[Result "1/2-1/2"]
[WhiteElo "2612"]
[BlackElo "2281"]
[PlyCount "85"]
[EventDate "2018.??.??"]

1. Nf3 Nf6 2. c4 e6 3. Nc3 d5 4. e3 c5 5. cxd5 exd5 6. d4 Nc6 7. Bb5 cxd4 8.
Nxd4 Bd7 9. O-O Bd6 10. b3 O-O 11. Bb2 Rc8 12. Be2 a6 13. Nxc6 Bxc6 14. Qd2 Qe7
15. Rfd1 Rfd8 16. Qd4 Be5 17. Qh4 Rc7 18. Na4 Bxa4 19. Bxe5 Qxe5 20. Qxa4 Qb2
21. Bf3 Rdc8 22. Qd4 Qxd4 23. Rxd4 Rc1+ 24. Rxc1 Rxc1+ 25. Rd1 Rxd1+ 26. Bxd1
Kf8 27. b4 Ke7 28. Bb3 Kd6 29. Kf1 Nd7 30. Ke2 Ne5 31. Kd2 h6 32. h3 Nc6 33.
Kc3 Ke5 34. a3 g5 35. Kd3 f6 36. g3 Kd6 37. f4 Ne7 38. e4 gxf4 39. gxf4 dxe4+
40. Kxe4 f5+ 41. Kd4 Nc6+ 42. Ke3 Ne7 43. Kd4 1/2-1/2

[Event "Eliteserien 2018 19"]
[Site "Oslo og TromsÃ¸"]
[Date "2018.11.02"]
[Round "8"]
[White "Lie, Espen"]
[Black "Hauge, Lars Oskar"]
[Result "1/2-1/2"]
[WhiteElo "2492"]
[BlackElo "2466"]
[PlyCount "52"]
[EventDate "2018.??.??"]

1. Nf3 d5 2. g3 Bg4 3. Ne5 Bf5 4. d4 Nd7 5. Bg2 e6 6. O-O Bd6 7. Nxd7 Qxd7 8.
c4 c6 9. Nc3 Nf6 10. Bg5 Be7 11. Qa4 O-O 12. Rfd1 h6 13. Bf4 Rfd8 14. h3 Bd6
15. Be5 Qe7 16. Qb3 Rab8 17. Bxf6 Qxf6 18. e4 dxe4 19. Nxe4 Bxe4 20. Bxe4 Rd7
21. Rd3 Rbd8 22. Rad1 Bf8 23. Qc3 g6 24. d5 Qxc3 25. bxc3 cxd5 26. cxd5 exd5
1/2-1/2

[Event "Eliteserien 2018 19"]
[Site "Oslo og TromsÃ¸"]
[Date "2018.11.02"]
[Round "8"]
[White "Salomon, Johan"]
[Black "Stojanovic, Mihajlo"]
[Result "1/2-1/2"]
[WhiteElo "2494"]
[BlackElo "2508"]
[PlyCount "51"]
[EventDate "2018.??.??"]

1. Nf3 d5 2. g3 Nf6 3. Bg2 e6 4. O-O Be7 5. c4 O-O 6. b3 c6 7. Bb2 b6 8. d4
Nbd7 9. Qc2 Bb7 10. Nc3 Qc7 11. Rad1 Rac8 12. e4 Nxe4 13. Nxe4 dxe4 14. Qxe4 c5
15. d5 Nf6 16. Qe5 exd5 17. cxd5 Rfd8 18. Bh3 Qxe5 19. Nxe5 Rc7 20. Nc6 Rxd5
21. Bxf6 Bxc6 22. Rxd5 Bxd5 23. Be5 Rc6 24. Bd7 Rh6 25. Re1 Be6 26. Bb5 1/2-1/2

[Event "Eliteserien 2018 19"]
[Site "Oslo og TromsÃ¸"]
[Date "2018.11.02"]
[Round "8"]
[White "Urkedal, Frode Olav Olsen"]
[Black "Predojevic, Borki"]
[Result "1/2-1/2"]
[WhiteElo "2512"]
[BlackElo "2616"]
[PlyCount "66"]
[EventDate "2018.??.??"]

1. d4 Nf6 2. c4 e6 3. Nf3 d5 4. Nc3 c5 5. cxd5 Nxd5 6. g3 cxd4 7. Nxd5 Qxd5 8.
Qxd4 Qb5 9. e4 Qb4+ 10. Bd2 Nc6 11. Qxb4 Bxb4 12. Bb5 Bd7 13. Bxc6 Bxd2+ 14.
Kxd2 Bxc6 15. Ke3 Ke7 16. Rhc1 Rac8 17. Nd4 Bd7 18. f4 f6 19. e5 a5 20. Nb3 b6
21. Nd2 Rc6 22. Rxc6 Bxc6 23. Rc1 Kd7 24. Kd4 Bd5 25. a3 Rd8 26. Ne4 Rf8 27.
exf6 gxf6 28. f5 exf5 29. Kxd5 fxe4 30. Kxe4 Re8+ 31. Kf3 Re5 32. Rc4 Rb5 33.
b4 axb4 1/2-1/2

[Event "Eliteserien 2018 19"]
[Site "Oslo og TromsÃ¸"]
[Date "2018.11.02"]
[Round "8"]
[White "Ranaldi, Lucas"]
[Black "Christiansen, Johan-Sebastian"]
[Result "0-1"]
[WhiteElo "2230"]
[BlackElo "2559"]
[PlyCount "70"]
[EventDate "2018.??.??"]

1. c4 c5 2. Nf3 Nc6 3. Nc3 e5 4. g3 g6 5. Bg2 Bg7 6. O-O Nge7 7. Ne1 O-O 8. Nc2
d6 9. d3 Be6 10. Ne3 a6 11. Ned5 b5 12. Nxe7+ Nxe7 13. Bxa8 Qxa8 14. cxb5 Bh3
15. e4 Bxf1 16. Kxf1 axb5 17. Nxb5 d5 18. Qe2 Rc8 19. Nc3 d4 20. Nb1 c4 21.
dxc4 Nc6 22. Bd2 f5 23. Na3 d3 24. Qxd3 Rd8 25. Qe3 f4 26. Qc3 Nd4 27. Re1 Qc8
28. gxf4 exf4 29. Bxf4 Rf8 30. Bh6 Rf3 31. Re3 Qh3+ 32. Ke1 Qxh2 33. Qd3 Qxf2+
34. Kd1 Qg1+ 35. Kd2 Bxh6 0-1

[Event "Eliteserien 2018 19"]
[Site "Oslo og TromsÃ¸"]
[Date "2018.11.02"]
[Round "8"]
[White "Lie, Kjetil A."]
[Black "Gandrud, Vegar Koi"]
[Result "1/2-1/2"]
[WhiteElo "2539"]
[BlackElo "2316"]
[PlyCount "72"]
[EventDate "2018.??.??"]

1. b3 d5 2. Bb2 Bg4 3. g3 e6 4. Bg2 Nf6 5. c4 Be7 6. Nf3 O-O 7. Ne5 Bf5 8. O-O
Nbd7 9. d4 c6 10. Nc3 h6 11. Rc1 Bd6 12. Nxd7 Qxd7 13. Re1 Rad8 14. e4 dxe4 15.
Nxe4 Nxe4 16. Bxe4 Bxe4 17. Rxe4 Be7 18. Qh5 Bf6 19. Rce1 b6 20. Qe2 Qc7 21.
Rg4 Qe7 22. Rd1 Rd7 23. Qf3 c5 24. Ba3 Rfd8 25. d5 exd5 26. cxd5 Qe5 27. Bc1
Rxd5 28. Rxd5 Rxd5 29. Kg2 Kh7 30. Bb2 Qf5 31. Rf4 Qd3 32. Bxf6 Qxf3+ 33. Kxf3
gxf6 34. Rxf6 Kg7 35. Rf4 Rd2 36. Ra4 a5 1/2-1/2